Cities on Great Lakes Quiz Stats

 Plays Quiz not verified by Sporcle

Support Sporcle.
Go Orange.
Score 0/40 Timer 08:00
0 Plays Today
Population City % Correct
2,878,948 Chicago
97.1%
8,459,026New York
95%
901,160Detroit
94.4%
267,037Buffalo
92.1%
424,526 Cleveland
91.5%
1,445,993Philadelphia
90.2%
803,930 Indianapolis
89.4%
606,508Milwaukee
89.2%
768,662Columbus
88.4%
305,708Pittsburgh
88.4%
386,751Minneapolis
87.6%
281,501Saint Paul
85.7%
332,807Cincinnati
85.5%
237,838 Madison
81.9%
288,207Toledo
81.3%
205,236Rochester
80.3%
100,413Rochester
80.3%
205,375Akron
72.4%
136,410 Syracuse
71.4%
193,337Grand Rapids
70.3%
Population City % Correct
118,095Springfield
70.3%
101,191Green Bay
68.7%
253,250Fort Wayne
67.4%
151,594Dayton
64.9%
112,579Lansing
64.3%
103,895Erie
62.2%
109,751Flint
59.7%
113,880Ann Arbor
54.4%
176,710 Aurora
49.6%
103,173 South Bend
49.2%
159,109Rockford
48.6%
114,666 Peoria
48.6%
107,685Allentown
46.5%
206,441 Yonkers
45.2%
115,666Evansville
42.5%
146,177Naperville
37.5%
153,577 Joliet
37.3%
133,470Warren
35.5%
127,075Sterling Heights
25.7%
111,179Elgin
18.7%

You're not logged in!

Compare scores with friends on all Sporcle quizzes.
OR
Log In

From the Vault

Top Country Per Language

by Jam1

Native speakers of pig latin are going to feel a little left out.
Remove Ads.
Support Sporcle.
Get the best of Sporcle when you Go Orange. This ad-free experience offers more features, more stats, and more fun while also helping to support Sporcle. Thank you for becoming a member.

Show Comments

Extras

Top Quizzes Today


Score Distribution

Your Account Isn't Verified!

In order to create a playlist on Sporcle, you need to verify the email address you used during registration. Go to your Sporcle Settings to finish the process.

Report this User

Report this user for behavior that violates our Community Guidelines.

Details: